20 Largest cities in Russia - Statistics

General Stats
  • This quiz has been taken 46 times
  • The average score is 13 of 20
Answer Stats
Population Answer % Correct
13,010,112 Moscow
100%
5,601,911 Saint Petersburg
97%
1,308,660 Kazan
85%
1,308,660 Yekaterinburg
79%
1,228,199 Nizhny Novgorod
76%
1,125,695 Omsk
76%
1,144,809 Ufa
76%
1,028,036 Volgograd
76%
1,633,595 Novosibirsk
74%
1,142,162 Rostov-on-Don
74%
1,034,002 Perm
68%
1,173,299 Samara
68%
1,099,344 Krasnodar
65%
901,361 Saratov
56%
1,187,771 Krasnoyarsk
53%
1,057,681 Voronezh
53%
1,189,525 Chelyabinsk
50%
684,709 Tolyatti
26%
847,488 Tyumen
24%
630,877 Barnaul
18%
No matching quizzes found
Score Distribution
Percent of People with Each Score
Percentile by Number Answered
Your Score History
You have not taken this quiz